Deutsche Fußballer bei Real Madrid - Statistiken

Allgemein
  • Dieses Quiz wurde 685 mal gespielt
  • Das Durchschnittsergebnis liegt bei 5 aus 11
Antwortstatistiken
Zeitraum Spieler % Korrekt
2014-2024 Toni Kroos
99%
2022- Antonio Rüdiger
94%
2010-2013 Mesut Özil
86%
2010-2015 Sami Khedira
78%
1988-1990 Bernd Schuster
36%
2007-2010 Christoph Metzelder
34%
1973-1976 Günter Netzer
31%
1974-1977 Paul Breitner
26%
1996-2001 Bodo Illgner
24%
1977-1985 Uli Stielike
17%
1913-1914 Walter Rositzky
2%
Keine übereinstimmenden Quizze gefunden
Verteilung der Resultate
Anzahl Personen mit jedem Resultat
Perzentil nach korrekt beantworteten Fragen
Ihre Resultats-Entwicklung
Sie haben dieses Quiz noch nicht gespielt